Finish the Slogan Quiz Stats

 Plays Quiz Updated Sep 16, 2017

Challenge
Share
Tweet
Embed
Score 0/30 Timer 06:00
5 Plays Today
Start of slogan Rest of Slogan % Correct
What happens in Vegas...stays in Vegas
92.4%
Once you pop...you can't stop
83.9%
Melts in your mouth...not in your hand
80.5%
Be all...you can be
80.1%
The happiest...place on Earth
78.2%
So easy...a caveman can do it
73.3%
The best part of waking up...is Folgers in your cup
73.2%
When you're here...you're family
70.8%
Kid tested...mother approved
70.5%
What can...brown do for you?
63.9%
There are some things money can't buy...for everything else, there's Mastercard
63.7%
Double your pleasure...double your fun
61.8%
The best...a man can get
52.7%
Made from...the best stuff on earth
45.4%
It's everywhere...you want to be
42.6%
Start of slogan Rest of Slogan % Correct
You are now free...to move about the country
42.4%
Great taste...less filling
41.7%
Plop, plop, fizz, fizz...oh what a relief it is
38.2%
Strong enough for a man...but made for a woman
37.6%
Look Ma!...No Cavities!
30.9%
All the news...that's fit to print
23.5%
Gather 'round...the good stuff
21.5%
We bring...good things to life
20.2%
Anything less...would be uncivilized
16.1%
Have you had...your break today?
14.7%
Nothin' says lovin' like...something from the oven
14%
When it absolutely, positively...has to be there overnight
13.7%
Not going...anywhere for a while?
13.6%
Where do you...want to go today?
11.3%
Built for...the road ahead
4.4%

You're not logged in!

Compare scores with friends on all Sporcle quizzes.
OR
Log In

You Might Also Like...

Show Comments

Extras

Top Quizzes Today


Score Distribution

Your Account Isn't Verified!

In order to create a playlist on Sporcle, you need to verify the email address you used during registration. Go to your Sporcle Settings to finish the process.

Report this User

Report this user for behavior that violates our Community Guidelines.

Details: